Équipe de France de Rugby - Tournoi des 6 Nations 2022. - Statistiques

Statistiques générales
  • Ce quiz a été pris 550 fois
    518 depuis la dernière actualisation
  • Le résultat moyen est 35 sur 62
Statistiques - réponses
Poste Joueur % Correct
Talonneur Julien Marchand
94%
Uini Atonio
92%
Demi de mêlée Antoine Dupont
90%
Pilier Cyril Baille
90%
Peato Mauvaka
90%
Demi d'ouverture Romain Ntamack
89%
Matthieu Jalibert
84%
Damian Penaud
83%
Centre Gaël Fickou
83%
Aymeric Luc
82%
3e ligne centre Grégory Alldritt
79%
Thomas Ramos
79%
Maxime Lucu
78%
Melvyn Jaminet
78%
François Cros
76%
Jean-Baptiste Gros
76%
Jonathan Danty
75%
Anthony Jelonch
74%
Cameron Woki
73%
Gabin Villière
73%
Baptiste Couilloud
72%
Paul Willemse
72%
Pierre Bourgarit
71%
Yoram Moefana
71%
Donovan Taofifénua
70%
Romain Taofifénua
70%
Thibaut Flament
69%
Demba Bamba
67%
Arrière Brice Dulin
66%
Anthony Hastoy
65%
Matthis Lebel
64%
Mohamed Haouas
62%
Ailier Teddy Thomas
61%
Dorian Aldegheri
60%
Gaëtan Barlot
59%
Sekou Macalou
59%
Dylan Cretin
58%
Virimi Vakatawa
56%
Anthony Bouthier
53%
Louis Carbonel
50%
2e ligne Bernard Le Roux
49%
Léo Berdeu
46%
Dany Priso
38%
Léo Coly
38%
Swan Rebbadj
37%
Pierre-Louis Barassi
35%
Teddy Baubigny
35%
Tani Vili
27%
Jordan Joseph
24%
Yoan Tanga Mangene
24%
Paul Boudehent
23%
3e ligne aile Yacouba Camara
23%
Thomas Jolmès
22%
Ibrahim Diallo
19%
Alexandre Bécognée
18%
Jules Favre
16%
Florian Verhaeghe
13%
Jérôme Rey
12%
Pierre-Henri Azagoh
11%
Thomas Lavault
11%
Daniel Bibi Biziwu
10%
Florent Vanverberghe
10%
Aucun quiz correspondant
Distribution des résultats
% des personnes avec chaque résultat
Percentile par nombre de réponses
Votre historique - résultats
Vous n’avez pas pris ce quiz depuis la dernière actualisation